| 000 | 00761nam a2200277Ia 4500 | ||
|---|---|---|---|
| 001 | G5127 | ||
| 003 | IT-RoPAU | ||
| 008 | 130308s9999 xx 000 0 und d | ||
| 040 | _aIT-RoPAU | ||
| 040 | _cIT-RoPAU | ||
| 041 | _aITALIANO | ||
| 100 | _aAspesi Franceso | ||
| 100 | _gCodice Aut. SPICS: 54973 | ||
| 245 | _aAlle origini della scrittura | ||
| 245 | _bAlfabeti: Preistoria e storia del Linguaggio Scritto | ||
| 250 | _a1a ed. | ||
| 260 | _aCOLOGNOLA AI COLLI (VR) | ||
| 260 | _bDemetra | ||
| 260 | _c2000 [1° Ed.:2000 - Ed.Ling.Originale:2000] | ||
| 300 | _a"10 p. (prefazione: no ; testo: 10 [pagine: 17-26])" | ||
| 650 | _aSAGGI DI LINGUISTICA | ||
| 650 | _eCodice materia Spics: 3207 | ||
| 942 | _cBK | ||
| 957 | _71 | ||
| 999 |
_c77883 _d77883 |
||
| 999 | _g1 | ||